00512nam a2200145 i 4500001000300000245011400003260002100117040000800138041000800146942000700154008004100161999001700202856009800219952004900317bg 0aKonferencja Naukowa Młodej Kadry Instytutu Inżynierii Lądowej :bczwarta : Międzygórze 7-12.06.1974. aWrocław,c1974. cBPK apol cKS s pl f |000 0 pol  c26188d26188 uhttp://koha.tu.koszalin.pl/cgi-bin/koha/opac-detail.pl?biblionumber=26188yKatalog online BPK 00104070aBPKbBPKcwo17366p01712087yKS